¿Recetas internacionales o filtros domésticos?: la formación de los programas de transferencias monetarias condicionadas en América Latina /

Los Programas Condicionales de Transferencias Monetarias han tenido una notable homogeneidad en América Latina, ¿Refleja esta homogeneidad los planteamientos de una comunidad internacional de expertos? ¿En que medida incluyen en su formación los filtros domésticos propios de regímenes de bienestar t...

Повний опис

Збережено в:
Бібліографічні деталі
Автор: Martínez Franzoni, Juliana
Інші автори: Voorend, Koen
Формат: Текст
Предмети:
Теги: Додати тег
Немає тегів, Будьте першим, хто поставить тег для цього запису!

MARC

LEADER 00000 a a2200000 04500
001 41038
003
040
100 |a Martínez Franzoni, Juliana  
245 |a ¿Recetas internacionales o filtros domésticos?:   |b la formación de los programas de transferencias monetarias condicionadas en América Latina /  |c Juliana Martínez Franzoni ; Koen Voorend  
520 |a Los Programas Condicionales de Transferencias Monetarias han tenido una notable homogeneidad en América Latina, ¿Refleja esta homogeneidad los planteamientos de una comunidad internacional de expertos? ¿En que medida incluyen en su formación los filtros domésticos propios de regímenes de bienestar tan distintos?, Una mejor comprensión de los procesos de formación de los programas de transferencias monetarias condicionadas (TCM) es crucial para alimentar el debate relativo a si es posible que esto programas pueden ser parte de un enfoque universal, y no meramente residual de la política social. Este artículo se aboca a entender el proceso de formación para entender la manera de transformarlos.  
590 |a RRA/SETIEMBRE2012  
650 |a 1.POLICA SOCIAL  
650 |a 2.TRANSFERENCIAS MONETARIAS  
650 |a 3.EVALUACION  
650 |a 4.ESTUDIOS DE CASOS  
650 |a 6.AMERICA LATINA  
700 |a Voorend, Koen  
773 |g número6 ( , 2010), 16 páginas  
999 |c 38498  |d 38498